000
00241nam a2200097Ia 4500
001
777316
005
20250826165904.0
008
250824s9999 xx 000 0 und d
245
0
_a
ŞİİRLER
_c
AHMET MUHİP DIRANAS
260
_b
EVEREST YAYINLARI
999
_c
777316
_d
777316